FAO legislative study N.52 Preparing national regulations for water resources management: Principles and practice

Wedi'i Gadw mewn:
Manylion Llyfryddiaeth
Prif Awdur: Stetano Burchi
Fformat: Llyfr
Iaith:Undetermined
Cyhoeddwyd: Geneva FAO 1994
Pynciau:
Tagiau: Ychwanegu Tag
Dim Tagiau, Byddwch y cyntaf i dagio'r cofnod hwn!
Thư viện lưu trữ: Trung tâm Học liệu Trường Đại học Cần Thơ
LEADER 00625nam a2200193Ia 4500
001 CTU_29065
008 210402s9999 xx 000 0 und d
082 |a 340 
082 |b F218/N.52 
100 |a Stetano Burchi 
245 0 |a FAO legislative study N.52 
245 0 |b Preparing national regulations for water resources management: Principles and practice 
245 0 |c Stetano Burchi, FAO 
260 |a Geneva 
260 |b FAO 
260 |c 1994 
650 |a environmental law, international,natural resources 
904 |i Nguyễn Quang Điền, 990310 
980 |a Trung tâm Học liệu Trường Đại học Cần Thơ